| 000 | 00555nam a2200169 4500 | ||
|---|---|---|---|
| 001 | 112666 | ||
| 003 | ES-MaACL | ||
| 005 | 20230906185605.0 | ||
| 007 | t| | ||
| 008 | 061121s1973 sp r ||||1| spa d | ||
| 100 | 1 |
_aNieto Gallo, Gratiniano. _985689 |
|
| 245 | 1 | 0 |
_aPanorama de los museos españoles y cuestiones museológicas / _cGratiniano Nieto Gallo. |
| 260 |
_aMadrid : _bAsociación Nacional de Bibliotecarios, Archiveros y Arqueólogos, _c1973. |
||
| 300 |
_a98 p. ; _c24 cm. |
||
| 710 | 2 |
_aANABAD. _91389 |
|
| 852 |
_aES-MaACL _jC-54659 _bR.87532 |
||
| 999 |
_c112666 _d112666 |
||